38 - Né(es) un 7 février - Statistiques

Statistiques générales
  • Ce quiz a été pris 13 fois
  • Le résultat moyen est 4 sur 11
Statistiques - réponses
Hint Année de naissance Réponse % Correct
Considéré comme le plus grand romancier de l'époque victorienne. Auteur d'"Oliver Twist" (1837-1839), "Un chant de Noël" (1843), "David Copperfield" (1849-1850), "Le Conte de deux cités" (1859), "Les Grandes Espérances" (1860-1861). 1812 Charles Dickens
67%
Pilote automobile français. Devint coureur "Alpine" en 2023 après un passage chez "Toro Rosso" et "Red Bull". 1996 Pierre Gasly
67%
Animateur de télévision et de radio français. Fut l'animateur-vedette de l'émission "Sans aucun doute". 1965 Frédéric René Courbet
58%
Chanteuse française, surnommée "La muse de Saint-Germain-des-Prés". Connue pour le titre "Déshabillez-moi" en 1967. 1927 Juliette Gréco
58%
Acteur américain vu dans "L'Effet papillon", "Coast Guards", "Kiss and Kill", "Sex Friends", "Happy New Year", "Jobs", et les séries "That '70s Show", "Mon oncle Charlie", "The Ranch". 1978 Ashton Kutcher
33%
Romancière française. Auteure de "L'Inceste", "Quitter la ville", "Pourquoi le Brésil ?", "Le Marché des amants", "Une semaine de vacances", "Un amour impossible". 1959 Christine Angot
33%
Industriel américain. Laissa son nom à une marque de machines agricoles (notamment tracteurs et moissonneuses batteuses) à la couleur verte. 1804 John Deere
33%
Grand ami d'Erasme. Juriste, historien, philosophe, humaniste, théologien et homme politique anglais. Pour avoir désavoué le divorce du roi Henri VIII, il fut emprisonné et décapité. Béatifié en 1886 par le pape Léon XIII. 1487 Thomas More
25%
Acteur américain vu dans "L'Arme fatale 4", "Bad Company", "Président par accident", "Madagascar", "Mi-temps au mitard", "Copains pour toujours". 1965 Chris Rock|Christopher Julius Rock
17%
Autrice américaine de la série de romans pour enfants "La Petite Maison dans la prairie". 1867 Laura Ingalls Wilder
8%
Joueur de basketball français. Arrière/ailier. Passé, notamment, par les clubs de Pau Orthez, les Warriors de Golden States, les Magic d'Orlando. 44 sélections en équipe de France. 1982 Mickaël Pietrus
0%
Aucun quiz correspondant
Distribution des résultats
% des personnes avec chaque résultat
Percentile par nombre de réponses
Votre historique - résultats
Vous n’avez pas pris ce quiz